| 000 | 00526nam a2200169 i 4500 | ||
|---|---|---|---|
| 001 | 104157 | ||
| 003 | ES-MaACL | ||
| 005 | 20240302062939.0 | ||
| 007 | t| | ||
| 008 | 051124s1909 gw ||||1| fre d | ||
| 100 | 0 |
_aMichelangelo, _d1475-1564 _980912 |
|
| 245 | 1 | 0 |
_aMichel Ange _b: l'oeuvre du maƮtre: Peinture-Sculpture-Architecture... |
| 260 |
_aStuttgart : _b[s.n.], _c1909 ( _fImp. Classiques de l'art) |
||
| 300 |
_aXXIV, 178 p. : _bil. ; _c24 cm. |
||
| 852 |
_aES-MaACL _jF-1643 |
||
| 999 |
_c104157 _d104157 |
||